000 00215nam a2200097Ia 4500
008 190216s9999||||xx |||||||||||||| ||und||
100 _aSreevasthava R M
245 0 _aMonetary Economics
260 _bNull
942 _cBK
999 _c9091
_d9091